• 首页
  • 本馆介绍
  • 公告通知
  • 最新文献
  • 馆藏检索
  • 电子资源
  • 读者导购
  • 参考咨询
  • 我的图书馆
  • 登录
  • 详细信息显示
  • 放入我的书架
  • 预约/预借图书
  • 作者相关作品
  • 分类相关作品
  • 丛书相关作品
  • 出版社相关作品

书目信息

  • 表格格式
  • 工作单格式
  • 卡片格式
题名:
Linux基础教程
    
 
作者: 汤荷美 编著
分册: 1   操作系统基础
出版信息: 北京   清华大学出版社  2001
页数: 15,254页
开本: 26cm
丛书名:
单 册:
中图分类: TP316.81
科图分类:
主题词: UNIX操作系统--高等学校--教材
电子资源:
ISBN: 7-302-04407-4
000 00890n|m0 2200265 450
001 0102556771
005 20121109170000.0
010    @a7-302-04407-4@dCNY19.80
011    @a7-302-04407-4
100    @a20010828d2001 em y0chiy0110 ea
101 0  @achi
102    @aCN@b110000
105    @ay z 000yy
135    @adrbn ---auuuu
200 1  @aLinux基础教程@9L i n u x Ji Chu Jiao Cheng @h1@i操作系统基础@f汤荷美等编著@b电子资源.图书
210    @a北京@c清华大学出版社@d2001
215    @a15,254页@d26cm
325    @a电子复制品
330    @a本书重点介绍了Linux操作系统。全书分为三部分,包括Linux操作系统的基本概念、功能及实现技术、常用命令及Shell编程、系统管理等内容。
606 0  @aUNIX操作系统@x高等学校@j教材
610 0  @aLinux
690    @aTP316.81@v4
701  0 @a汤荷美@9tang he mei@4编著
801  0 @aCN@bAZmarc@c20230903
905    @dTP316.81@e126:1@f15@sTP316.81/126:1@aBZT
    
    Linux基础教程.1.操作系统基础/汤荷美等编著[电子资源.图书].-北京:清华大学出版社,2001
    15,254页;26cm
    
    
    ISBN 7-302-04407-4:CNY19.80
    本书重点介绍了Linux操作系统。全书分为三部分,包括Linux操作系统的基本概念、功能及实现技术、常用命令及Shell编程、系统管理等内容。
●
相关链接 在五车中查询图书 在当当中查询图书 在豆瓣中查询图书


正题名:Linux基础教程     索取号:TP316.81/126:1         预约/预借

序号 登录号 条形码 馆藏地/架位号 状态 备注
1 2000014428   2000014428   旧书回溯/ [索取号:TP316.81/126:1] 在馆    
2 2000014452   2000014452   旧书回溯/ [索取号:TP316.81/126:1] 在馆    
3 2000015396   2000015396   旧书回溯/ [索取号:TP316.81/126:1] 在馆    
4 2000015397   2000015397   旧书回溯/ [索取号:TP316.81/126:1] 在馆    
5 2000015398   2000015398   旧书回溯/ [索取号:TP316.81/126:1] 在馆    
6 2000021168   2000021168   旧书回溯/ [索取号:TP316.81/126:1] 在馆    
7 2000021169   2000021169   旧书回溯/ [索取号:TP316.81/126:1] 在馆    
8 2000065120   2000065120   旧书回溯/ [索取号:TP316.81/126:1] 在馆    
9 2000065121   2000065121   旧书回溯/ [索取号:TP316.81/126:1] 在馆    
10 2000065122   2000065122   旧书回溯/ [索取号:TP316.81/126:1] 在馆    
11 2000065123   2000065123   旧书回溯/ [索取号:TP316.81/126:1] 在馆    
12 2000065124   2000065124   旧书回溯/ [索取号:TP316.81/126:1] 在馆    
13 2000065125   2000065125   旧书回溯/ [索取号:TP316.81/126:1] 在馆    
14 2000065126   2000065126   旧书回溯/ [索取号:TP316.81/126:1] 在馆    
15 2000127273   2000127273   旧书回溯/ [索取号:TP316.81/126:1] 在馆    
山东省滨州职业学院图书馆 欢迎您!
大连网信软件有限公司© 版权所有